[Event "Montcalm 4 2024-25"]
[Site "Quebec CAN"]
[Date "2025.01.09"]
[Round "1"]
[White "Sauve, Richard"]
[Black "Boissinot, Claude"]
[Result "1-0"]
[WhiteElo "1846"]
[BlackElo "1463"]
[WhiteFideId "-1"]
[WhiteFideId "-1"]
[PlyCount "115"]
[GameId "2133003093792272"]
[EventDate "2025.01.09"]
[EventType "swiss"]
[EventRounds "5"]
[EventCountry "CAN"]

1. d4 Nf6 2. c4 e6 3. Nf3 b6 4. g3 Bb7 5. Bg2 Be7 6. O-O O-O 7. Nc3 d5 8. cxd5 exd5 9. Bf4 a6 10. Rc1 Nbd7 11. Qb3 c5 12. Rfd1 c4 13. Qc2 b5 14. a3 Rc8 15. Ne5 Nb6 16. e4 dxe4 17. Nxe4 Nfd5 18. Bd2 f6 19. Nf3 Nd7 20. Re1 a5 21. Qb1 b4 22. axb4 Bxb4 23. Bxb4 Nxb4 24. Nd6 Nd3 25. Nxb7 Qb6 26. Nc5 N7xc5 27. dxc5 Qxc5 28. Qc2 Nxe1 29. Rxe1 Rcd8 30. Nd2 Qb4 31. Qxc4+ Qxc4 32. Nxc4 Rb8 33. Bd5+ Kh8 34. Ra1 Rb5 35. Rxa5 Rxa5 36. Nxa5 Rd8 37. Bg2 Rd4 38. Bf1 g5 39. Nc4 Kg7 40. b4 Kf8 41. b5 Ke7 42. b6 Kd7 43. f3 Kc6 44. Kf2 Kb7 45. Be2 Rd8 46. Ke3 Re8+ 47. Kd2 Rd8+ 48. Bd3 h6 49. Kc3 Rd7 50. Be4+ Ka6 51. Bf5 Rd8 52. Be4 Rd7 53. b7 Ka7 54. f4 Kb8 55. fxg5 fxg5 56. Ne5 Rc7+ 57. Kd4 Rc1 58. Nd7+ 1-0

[Event "Montcalm 4 2024-25"]
[Site "Quebec CAN"]
[Date "2025.01.09"]
[Round "1"]
[White "Savard, Alexandre"]
[Black "Gagne, Louis"]
[Result "1-0"]
[WhiteElo "1731"]
[BlackElo "1213"]
[WhiteFideId "-1"]
[WhiteFideId "-1"]
[PlyCount "53"]
[GameId "2133003093796372"]
[EventDate "2025.01.09"]
[EventType "swiss"]
[EventRounds "5"]
[EventCountry "CAN"]

1. d4 e6 2. Nc3 d5 3. Qd3 Nf6 4. Bg5 Be7 5. O-O-O b6 6. Bxf6 Bxf6 7. e4 Ba6 8. Qf3 Bxf1 9. Rxf1 Bxd4 10. exd5 Bxc3 11. dxe6 Bf6 12. Rd1 Qe7 13. Qxa8 O-O 14. exf7+ Kxf7 15. Qd5+ Kg6 16. Nf3 h6 17. Rhe1 Qb4 18. c3 Rd8 19. cxb4 Rxd5 20. Rxd5 c6 21. Rd6 Na6 22. a3 Nc7 23. Rxc6 Nd5 24. g3 Kh5 25. h3 Ne7 26. Rxf6 gxf6 27. Rxe7 1-0

[Event "Montcalm 4 2024-25"]
[Site "Quebec CAN"]
[Date "2025.01.09"]
[Round "1"]
[White "Tremblay, Noah"]
[Black "Cournoyer, Dominic"]
[Result "1/2-1/2"]
[WhiteElo "1566"]
[BlackElo "1909"]
[WhiteFideId "-1"]
[WhiteFideId "-1"]
[PlyCount "62"]
[GameId "2133003093788172"]
[EventDate "2025.01.09"]
[EventType "swiss"]
[EventRounds "5"]
[EventCountry "CAN"]

1. e4 g6 2. d4 Bg7 3. Nf3 d6 4. Nc3 Nf6 5. Bg5 h6 6. Bh4 O-O 7. Bc4 a6 8. a4 Nc6 9. h3 e5 10. dxe5 dxe5 11. Qxd8 Rxd8 12. Bxf6 Bxf6 13. Nd5 Kg7 14. Nxc7 Rb8 15. O-O Nd4 16. Nxd4 Rxd4 17. Bd3 Bd7 18. b3 Bc6 19. Nd5 Bxd5 20. exd5 Rxd5 21. Bc4 Rd2 22. Rad1 Rbd8 23. Rxd2 Rxd2 24. Bd3 Be7 25. Re1 Bd6 26. Kf1 f5 27. f3 Kf6 28. Re2 Rd1+ 29. Re1 Rd2 30. Re2 Rd1+ 31. Re1 Rd2 1/2-1/2

[Event "Montcalm 4 2024-25"]
[Site "Quebec CAN"]
[Date "2025.01.09"]
[Round "1"]
[White "Verge, Leo"]
[Black "Plante, Rejean"]
[Result "0-1"]
[WhiteElo "1600"]
[BlackElo "1984"]
[WhiteFideId "-1"]
[WhiteFideId "-1"]
[PlyCount "130"]
[GameId "2133003093779978"]
[EventDate "2025.01.09"]
[EventType "swiss"]
[EventRounds "5"]
[EventCountry "CAN"]

1. g3 d5 2. d3 Nf6 3. Bg2 c5 4. Nf3 Nc6 5. O-O e5 6. c3 h6 7. Na3 Bg4 8. h3 Be6 9. Nc2 Qd7 10. Kh2 a5 11. d4 cxd4 12. cxd4 e4 13. Ne5 Qc7 14. f4 exf3 15. exf3 Bd6 16. f4 O-O 17. g4 Ne4 18. Qe2 f5 19. Qd3 g5 20. Kg1 gxf4 21. Bxf4 Nxe5 22. dxe5 Bxe5 23. Bxe5 Qxe5 24. Bxe4 dxe4 25. Qe3 f4 26. Qd4 Qxd4+ 27. Nxd4 Bc4 28. Rfc1 Bd3 29. Ne6 Rf7 30. Nc5 Rd8 31. Rd1 Rd5 32. Nxd3 exd3 33. Kf2 Re7 34. Rd2 Re3 35. Rh1 Kg7 36. h4 Kg6 37. Re1 Rh3 38. Re6+ Kf7 39. Re4 Rxh4 40. Rxf4+ Kg6 41. Kg3 Kg5 42. Rf5+ Rxf5 43. gxf5 Rd4 44. Rd1 d2 45. Kf2 Kxf5 46. Ke2 Kf4 47. Rf1+ Kg3 48. Rg1+ Kh2 49. Rd1 h5 50. Ke3 Rd6 51. Kf2 h4 52. Ke3 Kg2 53. Ke2 h3 54. Rxd2 Rxd2+ 55. Kxd2 h2 56. a4 h1=Q 57. Kc3 Qh4 58. b4 Qxb4+ 59. Kc2 Kf2 60. Kc1 Ke2 61. Kc2 Qc4+ 62. Kb2 Kd2 63. Ka3 Qb4+ 64. Ka2 Kc2 65. Ka1 Qb2# 0-1

[Event "Montcalm 4 2024-25"]
[Site "Quebec CAN"]
[Date "2025.01.16"]
[Round "2"]
[White "Auger, Bertrand"]
[Black "Boissinot, Claude"]
[Result "1-0"]
[WhiteElo "1883"]
[BlackElo "1463"]
[WhiteFideId "-1"]
[WhiteFideId "-1"]
[PlyCount "63"]
[GameId "2135377793738503"]
[EventDate "2025.01.09"]
[EventType "swiss"]
[EventRounds "5"]
[EventCountry "CAN"]

1. Nf3 d5 2. g3 Nc6 3. d4 Bf5 4. Bg2 g6 5. O-O Bg7 6. Bf4 Nf6 7. Ne5 Nxe5 8. Bxe5 O-O 9. Nc3 c6 10. f3 h5 11. e4 dxe4 12. fxe4 Bg4 13. Qe1 Qd7 14. Rf2 Bh3 15. Bxf6 Bxf6 16. e5 Bg5 17. Ne4 Bh6 18. Rd1 b6 19. c4 Bxg2 20. Kxg2 Rad8 21. Nc3 h4 22. Qe4 hxg3 23. hxg3 Bg7 24. d5 f5 25. exf6 Rxf6 26. Rxf6 exf6 27. dxc6 Qc7 28. Qe6+ Kf8 29. Rxd8+ Qxd8 30. Nd5 Qe8 31. Nf4 g5 32. c7 1-0

[Event "Montcalm 4 2024-25"]
[Site "Quebec CAN"]
[Date "2025.01.16"]
[Round "2"]
[White "Bergeron, Nicolas"]
[Black "Pouliot, Lewis"]
[Result "1-0"]
[WhiteElo "1768"]
[BlackElo "1446"]
[WhiteFideId "-1"]
[WhiteFideId "-1"]
[PlyCount "53"]
[GameId "2135377793738504"]
[EventDate "2025.01.09"]
[EventType "swiss"]
[EventRounds "5"]
[EventCountry "CAN"]

1. e4 e6 2. d4 d5 3. Nd2 c6 4. Ngf3 Be7 5. Bd3 a6 6. O-O b5 7. Qe2 Nf6 8. e5 Nfd7 9. Re1 c5 10. c3 c4 11. Bc2 b4 12. Nf1 bxc3 13. bxc3 Qa5 14. Qe3 Nb6 15. Bd2 Bd7 16. Ng5 h6 17. Nh3 Ba4 18. Bd1 Bxd1 19. Rexd1 Na4 20. f4 g6 21. Qf3 Nb2 22. Rdb1 Ba3 23. Ne3 Nc6 24. Rxb2 Bxb2 25. Nxc4 Nxd4 26. cxd4 Qb5 27. Nd6+ 1-0

[Event "Montcalm 4 2024-25"]
[Site "Quebec CAN"]
[Date "2025.01.16"]
[Round "2"]
[White "Bourassa, Samuel"]
[Black "Fecteau, Martin"]
[Result "1-0"]
[WhiteElo "2058"]
[BlackElo "1744"]
[WhiteFideId "-1"]
[WhiteFideId "-1"]
[PlyCount "65"]
[GameId "2135377793734397"]
[EventDate "2025.01.09"]
[EventType "swiss"]
[EventRounds "5"]
[EventCountry "CAN"]

1. e4 g6 2. f4 Bg7 3. Nf3 c5 4. Nc3 Nc6 5. Bc4 e6 6. O-O Nge7 7. e5 O-O 8. Ne4 b6 9. c3 Na5 10. Be2 Bb7 11. Nd6 Bc6 12. Ng5 Nc8 13. Nxc8 Qxc8 14. b4 cxb4 15. cxb4 Nb7 16. b5 Bd5 17. Ba3 Re8 18. Rc1 Qd8 19. Bf3 d6 20. Bxd5 exd5 21. Qf3 dxe5 22. Nxf7 Qf6 23. Nxe5 Qd8 24. d4 Na5 25. f5 Bxe5 26. dxe5 gxf5 27. Qxf5 Nc4 28. Qf7+ Kh8 29. Rxc4 dxc4 30. Bb2 Qd2 31. Qf6+ Kg8 32. e6 Qe3+ 33. Kh1 1-0

[Event "Montcalm 4 2024-25"]
[Site "Quebec CAN"]
[Date "2025.01.16"]
[Round "2"]
[White "Demushkina, Alina"]
[Black "Fleury, Dominic"]
[Result "1-0"]
[WhiteElo "1783"]
[BlackElo "1310"]
[WhiteFideId "-1"]
[WhiteFideId "-1"]
[PlyCount "75"]
[GameId "2135377793738500"]
[EventDate "2025.01.09"]
[EventType "swiss"]
[EventRounds "5"]
[EventCountry "CAN"]

1. e4 e5 2. Nf3 Nf6 3. Nc3 Nc6 4. Bc4 Bc5 5. d3 d6 6. h3 Na5 7. Bb3 Nxb3 8. axb3 a6 9. Be3 Bxe3 10. fxe3 O-O 11. O-O Bd7 12. Ne2 Re8 13. Ng3 Qc8 14. Qe2 h6 15. Kh2 Nh7 16. Nh4 Ng5 17. Nhf5 Kh7 18. Qh5 Bxf5 19. Nxf5 Qe6 20. h4 Qg6 21. Qxg6+ fxg6 22. Nxd6 Nf3+ 23. Rxf3 cxd6 24. Rf7 Rab8 25. Rd7 Red8 26. Rf7 Rf8 27. Raf1 Rxf7 28. Rxf7 b5 29. Rd7 Rb6 30. Kg3 h5 31. d4 Rc6 32. c3 b4 33. c4 Kh6 34. Rb7 a5 35. Ra7 Rb6 36. Rxa5 g5 37. hxg5+ Kxg5 38. dxe5 1-0

[Event "Montcalm 4 2024-25"]
[Site "Quebec CAN"]
[Date "2025.01.16"]
[Round "2"]
[White "Fortin, Claude"]
[Black "Dube, Dominic"]
[Result "0-1"]
[WhiteElo "1424"]
[BlackElo "1776"]
[WhiteFideId "-1"]
[WhiteFideId "-1"]
[PlyCount "86"]
[GameId "2135377793738497"]
[EventDate "2025.01.09"]
[EventType "swiss"]
[EventRounds "5"]
[EventCountry "CAN"]

1. e4 c6 2. d3 d5 3. e5 c5 4. f4 h5 5. g3 Bf5 6. Bg2 Nc6 7. Nf3 e6 8. O-O Be7 9. c3 h4 10. d4 Qb6 11. b3 hxg3 12. hxg3 cxd4 13. cxd4 Nb4 14. Na3 Nd3 15. Qe2 Nxc1 16. Qb5+ Kf8 17. Qxb6 axb6 18. Nb5 Bd3 19. Rfxc1 Bxb5 20. a4 Bc6 21. Bf1 Bb4 22. Bd3 Nh6 23. Kg2 g6 24. Nh4 Nf5 25. Nf3 Kg7 26. g4 Nh4+ 27. Nxh4 Rxh4 28. Kg3 Rah8 29. Bf1 Rh2 30. Bg2 Bd2 31. Rf1 Bc3 32. Rad1 b5 33. axb5 Bxb5 34. Rf2 Bc6 35. f5 gxf5 36. gxf5 R2h4 37. f6+ Kg6 38. Rf4 Rxf4 39. Kxf4 Rh4+ 40. Ke3 b5 41. Bf3 Kf5 42. Rf1 Bxd4+ 43. Kd3 Rf4 0-1

[Event "Montcalm 4 2024-25"]
[Site "Quebec CAN"]
[Date "2025.01.16"]
[Round "2"]
[White "Gagne, Louis"]
[Black "Verge, Leo"]
[Result "0-1"]
[WhiteElo "1213"]
[BlackElo "1600"]
[WhiteFideId "-1"]
[WhiteFideId "-1"]
[PlyCount "82"]
[GameId "2135377793738506"]
[EventDate "2025.01.09"]
[EventType "swiss"]
[EventRounds "5"]
[EventCountry "CAN"]

1. e4 Nc6 2. d4 e5 3. Nf3 exd4 4. Nxd4 Qh4 5. Nxc6 Qxe4+ 6. Qe2 Qxe2+ 7. Bxe2 dxc6 8. O-O Bc5 9. Bf4 Bd6 10. Be3 Nf6 11. Nc3 O-O 12. Rfe1 Bf5 13. Bd3 Bxd3 14. cxd3 Rad8 15. Rad1 Rfe8 16. a3 a5 17. f3 Bf8 18. Kf2 Nd5 19. Nxd5 Rxd5 20. d4 Red8 21. Rd3 c5 22. Red1 cxd4 23. Rxd4 Rxd4 24. Rxd4 Rxd4 25. Bxd4 f6 26. g4 Kf7 27. Ke2 Ke6 28. Kd3 b5 29. Ke4 g5 30. Bc3 a4 31. Bd2 Bd6 32. h3 c5 33. Be1 b4 34. Kd3 Kd5 35. Kc2 b3+ 36. Kd3 Be5 37. Bc3 Bxc3 38. Kxc3 c4 39. Kb4 Kd4 40. Kxa4 Kc5 41. Ka5 c3 0-1

[Event "Montcalm 4 2024-25"]
[Site "Quebec CAN"]
[Date "2025.01.16"]
[Round "2"]
[White "Laflamme, Simon"]
[Black "Drolet, Stephane"]
[Result "1/2-1/2"]
[WhiteElo "1739"]
[BlackElo "2047"]
[WhiteFideId "-1"]
[WhiteFideId "-1"]
[PlyCount "107"]
[GameId "2135377793738494"]
[EventDate "2025.01.09"]
[EventType "swiss"]
[EventRounds "5"]
[EventCountry "CAN"]

1. d4 d5 2. c4 c6 3. Nc3 e5 4. dxe5 d4 5. Ne4 Qa5+ 6. Bd2 Qxe5 7. Ng3 Nf6 8. Nf3 Qd6 9. e3 dxe3 10. Bxe3 Qxd1+ 11. Rxd1 Bb4+ 12. Bd2 Bxd2+ 13. Rxd2 O-O 14. Be2 Na6 15. O-O Nc5 16. Rfd1 a5 17. b3 g6 18. h3 Kg7 19. Kf1 Ne6 20. Nd4 Nxd4 21. Rxd4 Be6 22. Bf3 a4 23. Ne4 axb3 24. axb3 Nxe4 25. Bxe4 Ra3 26. Bc2 Ra2 27. R4d2 Rfa8 28. Bd3 Kf6 29. Ke2 R2a3 30. Rb2 Re8 31. Kd2 Rd8 32. Kc3 c5 33. Be2 Rda8 34. Rdd2 R8a4 35. Kc2 Rb4 36. Bf3 b5 37. Bd5 Bxd5 38. Rxd5 bxc4 39. Rxc5 cxb3+ 40. Kc3 Rb6 41. Rc4 g5 42. Rb4 Rxb4 43. Kxb4 Ra2 44. Kxb3 Rxb2+ 45. Kxb2 Ke5 46. Kc3 Ke4 47. Kd2 h5 48. Ke2 h4 49. Kd2 f5 50. Ke2 Kf4 51. Kf1 g4 52. Ke2 gxh3 53. gxh3 Ke4 54. f3+ 1/2-1/2

[Event "Montcalm 4 2024-25"]
[Site "Quebec CAN"]
[Date "2025.01.16"]
[Round "2"]
[White "Mercure, Gilbert"]
[Black "Duguay-Piron, Simon"]
[Result "0-1"]
[WhiteElo "1705"]
[BlackElo "1866"]
[WhiteFideId "-1"]
[WhiteFideId "-1"]
[PlyCount "56"]
[GameId "2135377793738498"]
[EventDate "2025.01.09"]
[EventType "swiss"]
[EventRounds "5"]
[EventCountry "CAN"]

1. e4 c5 2. b4 cxb4 3. a3 d5 4. exd5 Qxd5 5. Nf3 Bg4 6. Be2 Bxf3 7. Bxf3 Qe5+ 8. Qe2 Qxa1 9. Bxb7 Qxb1 10. O-O bxa3 11. Bxa8 a2 12. Qc4 Kd8 13. Qd4+ Nd7 14. Bb2 e5 15. Qc3 Bc5 16. Bb7 Ngf6 17. d3 a1=Q 18. Bxa1 Qxb7 19. Qa5+ Qb6 20. Qa2 Ke7 21. c3 Re8 22. Rb1 Bxf2+ 23. Kh1 Qe3 24. Qa3+ Qc5 25. Qa4 Kf8 26. d4 exd4 27. cxd4 Qb6 28. Qc2 Bxd4 0-1

[Event "Montcalm 4 2024-25"]
[Site "Quebec CAN"]
[Date "2025.01.16"]
[Round "2"]
[White "Michaud, Jacques"]
[Black "Marquis, Paul"]
[Result "0-1"]
[WhiteElo "1488"]
[BlackElo "1888"]
[WhiteFideId "-1"]
[WhiteFideId "-1"]
[PlyCount "92"]
[GameId "2135377793738502"]
[EventDate "2025.01.09"]
[EventType "swiss"]
[EventRounds "5"]
[EventCountry "CAN"]

1. d4 Nf6 2. Bg5 Ne4 3. Be3 d5 4. f3 Nf6 5. Bg5 Nbd7 6. Nc3 h6 7. Bh4 e6 8. e4 dxe4 9. fxe4 g5 10. Bg3 Bb4 11. Bd3 b6 12. a3 Bxc3+ 13. bxc3 Bb7 14. Qe2 Qe7 15. c4 e5 16. d5 O-O-O 17. Nf3 Nh5 18. Bf2 Nf4 19. Qf1 f5 20. g3 Ng6 21. Nd2 f4 22. O-O-O Qxa3+ 23. Kb1 Nc5 24. Bxc5 bxc5 25. Nb3 Rd6 26. Rd2 Rb6 27. Qc1 Qb4 28. Qb2 a5 29. Ka2 a4 30. c3 axb3+ 31. Kb1 Qa4 32. Kc1 Ba6 33. Kd1 Bxc4 34. Ke2 Bxd3+ 35. Kxd3 Ra6 36. c4 Kd7 37. Rb1 Rb8 38. Rdd1 Qa3 39. Ke2 Qxb2+ 40. Rxb2 Ra2 41. Rdb1 Rxb2+ 42. Rxb2 g4 43. gxf4 exf4 44. Kf2 Ne5 45. Ke2 Nxc4 46. Rb1 b2 0-1

[Event "Montcalm 4 2024-25"]
[Site "Quebec CAN"]
[Date "2025.01.16"]
[Round "2"]
[White "Miskic, Zdenko"]
[Black "Sauve, Richard"]
[Result "0-1"]
[WhiteElo "1546"]
[BlackElo "1846"]
[WhiteFideId "-1"]
[WhiteFideId "-1"]
[PlyCount "104"]
[GameId "2135377793738496"]
[EventDate "2025.01.09"]
[EventType "swiss"]
[EventRounds "5"]
[EventCountry "CAN"]

1. e4 e6 2. b3 d5 3. exd5 exd5 4. Bb2 Nf6 5. Nf3 Be7 6. d4 O-O 7. Bd3 Bg4 8. O-O Nbd7 9. h3 Bh5 10. Nc3 c6 11. Re1 Re8 12. g4 Bg6 13. Ne5 Qc7 14. f4 Bxd3 15. Qxd3 Bd6 16. Re2 Ne4 17. Rae1 Nxc3 18. Bxc3 f6 19. Nxd7 Qxd7 20. f5 Rxe2 21. Qxe2 Kf7 22. Qe6+ Qxe6 23. Rxe6 Bf8 24. Kf2 Re8 25. Rxe8 Kxe8 26. Ke3 Kf7 27. h4 g6 28. fxg6+ hxg6 29. Be1 Bd6 30. Kf3 Ba3 31. c4 Bb2 32. Ke3 Ke6 33. c5 f5 34. g5 f4+ 35. Kxf4 Bxd4 36. b4 a5 37. Kg4 axb4 38. Bxb4 Be3 39. h5 gxh5+ 40. Kxh5 d4 41. g6 d3 42. g7 Kf7 43. Kg4 d2 44. Bxd2 Bxd2 45. Kf5 Be3 46. Ke5 Bxc5 47. a4 Bb4 48. Kd4 Kxg7 49. Kc4 Bd6 50. a5 Kf6 51. Kd4 Ke6 52. Ke4 Bb4 0-1

[Event "Montcalm 4 2024-25"]
[Site "Quebec CAN"]
[Date "2025.01.16"]
[Round "2"]
[White "Oliver, Vance"]
[Black "Gaulin, Gaetan"]
[Result "0-1"]
[WhiteElo "1457"]
[BlackElo "1921"]
[WhiteFideId "-1"]
[WhiteFideId "-1"]
[PlyCount "54"]
[GameId "2135377793738501"]
[EventDate "2025.01.09"]
[EventType "swiss"]
[EventRounds "5"]
[EventCountry "CAN"]

1. e4 c6 2. d4 d5 3. e5 Bf5 4. Nf3 e6 5. Be2 c5 6. O-O Nc6 7. c3 Nh6 8. Be3 Ng4 9. Qd2 Nxe3 10. fxe3 Be7 11. Na3 a6 12. Rac1 c4 13. Nc2 b5 14. Nce1 O-O 15. Bd1 Rb8 16. Bc2 Bxc2 17. Rxc2 b4 18. Rc1 Qa5 19. Ra1 bxc3 20. bxc3 Ba3 21. Nd3 cxd3 22. Qxd3 h6 23. Rf2 Qa4 24. Raf1 Na5 25. h4 Qc4 26. Ne1 Qxd3 27. Nxd3 Nc4 0-1

[Event "Montcalm 4 2024-25"]
[Site "Quebec CAN"]
[Date "2025.01.16"]
[Round "2"]
[White "Plante, Rejean"]
[Black "Savard, Alexandre"]
[Result "1-0"]
[WhiteElo "1984"]
[BlackElo "1731"]
[WhiteFideId "-1"]
[WhiteFideId "-1"]
[PlyCount "99"]
[GameId "2135377793738495"]
[EventDate "2025.01.09"]
[EventType "swiss"]
[EventRounds "5"]
[EventCountry "CAN"]

1. d4 Nf6 2. Nf3 d5 3. c4 e6 4. Nc3 c5 5. cxd5 Nxd5 6. e4 Nxc3 7. bxc3 cxd4 8. cxd4 Bb4+ 9. Bd2 Bxd2+ 10. Qxd2 O-O 11. Bc4 Nd7 12. O-O Nf6 13. Rfe1 b6 14. e5 Nd5 15. Ng5 f5 16. exf6 Qxf6 17. Re5 Nc7 18. Rae1 Qf4 19. Qc2 g6 20. R1e4 Qf6 21. Nxe6 Nxe6 22. Bxe6+ Bxe6 23. Rxe6 Rac8 24. Qd2 Rc1+ 25. Re1 Qxe6 26. Rxc1 Rd8 27. Rd1 Qd5 28. Qe2 Kf7 29. Rd3 Rc8 30. h4 Rc4 31. Rf3+ Kg7 32. Qe7+ Kh6 33. Rf7 Kh5 34. Rxh7+ Kg4 35. Qe2+ Kf5 36. g4+ Kf4 37. Qe3+ Kxg4 38. Qg3+ Kf5 39. Qg5+ Ke4 40. Qe3+ Kf5 41. Re7 Kf6 42. Re4 Kg7 43. Rf4 Qd7 44. Qe5+ Kh6 45. Qg5+ Kg7 46. h5 Qc6 47. d5 Rc1+ 48. Kg2 Qd6 49. h6+ Kg8 50. Rf6 1-0

[Event "Montcalm 4 2024-25"]
[Site "Quebec CAN"]
[Date "2025.01.16"]
[Round "2"]
[White "Poliquin, Yvon"]
[Black "Lapierre, Gaetan"]
[Result "1-0"]
[WhiteElo "1838"]
[BlackElo "1697"]
[WhiteFideId "-1"]
[WhiteFideId "-1"]
[PlyCount "55"]
[GameId "2135377793738499"]
[EventDate "2025.01.09"]
[EventType "swiss"]
[EventRounds "5"]
[EventCountry "CAN"]

1. e4 d6 2. d4 Nf6 3. Nc3 c5 4. Nf3 cxd4 5. Nxd4 e6 6. g4 e5 7. Nf5 g6 8. Ne3 a6 9. Be2 Be6 10. g5 Nfd7 11. Ned5 Nc6 12. Be3 h6 13. gxh6 Bxh6 14. Bxh6 Rxh6 15. Qd2 Rh4 16. O-O-O Nd4 17. f4 Qa5 18. fxe5 Nxe2+ 19. Qxe2 dxe5 20. Qf2 Rh5 21. Nf6+ Nxf6 22. Qxf6 Rc8 23. Nd5 Qc5 24. c3 Rh3 25. Kb1 Rh5 26. Qg7 Bxd5 27. Rxd5 Qc7 28. Rf1 1-0

[Event "Montcalm 4 2024-25"]
[Site "Quebec CAN"]
[Date "2025.01.16"]
[Round "2"]
[White "Yergeau, Samuel"]
[Black "Barrera, Eduardo"]
[Result "0-1"]
[WhiteElo "1266"]
[BlackElo "1663"]
[WhiteFideId "-1"]
[WhiteFideId "-1"]
[PlyCount "46"]
[GameId "2135377793738505"]
[EventDate "2025.01.09"]
[EventType "swiss"]
[EventRounds "5"]
[EventCountry "CAN"]

1. e4 c5 2. c3 Nf6 3. e5 Nd5 4. d4 cxd4 5. cxd4 Nc6 6. Nf3 d6 7. Bc4 Nb6 8. Bb3 dxe5 9. dxe5 Qxd1+ 10. Bxd1 Bg4 11. Nbd2 e6 12. a3 Be7 13. O-O O-O 14. Re1 Rfd8 15. h3 Bh5 16. g4 Bg6 17. Bb3 h5 18. g5 Nd5 19. h4 Nf4 20. Nc4 Nd3 21. Re2 b5 22. Ncd2 Rac8 23. Ne4 Na5 0-1

[Event "Montcalm 4 2024-25"]
[Site "Quebec CAN"]
[Date "2025.01.23"]
[Round "3"]
[White "Barrera, Eduardo"]
[Black "Auger, Bertrand"]
[Result "1/2-1/2"]
[WhiteElo "1663"]
[BlackElo "1883"]
[WhiteFideId "-1"]
[WhiteFideId "-1"]
[PlyCount "118"]
[GameId "2138022317494281"]
[EventDate "2025.01.09"]
[EventType "swiss"]
[EventRounds "5"]
[EventCountry "CAN"]

1. e4 e6 2. d4 d5 3. e5 c5 4. c3 Ne7 5. Na3 Nec6 6. Nc2 b6 7. Nf3 Be7 8. Be2 Ba6 9. O-O O-O 10. Kh1 f5 11. exf6 Bxf6 12. Bxa6 Nxa6 13. Qe2 Nc7 14. Bf4 Re8 15. g4 g6 16. h4 a6 17. a4 c4 18. Kg2 Ra7 19. g5 Bg7 20. Rh1 Re7 21. h5 Qe8 22. Rae1 e5 23. dxe5 Ne6 24. Bg3 gxh5 25. Ncd4 Ncxd4 26. cxd4 Rf7 27. Rxh5 Rf4 28. Reh1 Qg6 29. R5h4 Rxh4 30. Rxh4 Rf7 31. Qd2 Bf8 32. Rg4 b5 33. Qa5 Qf5 34. Nh2 Rg7 35. axb5 h5 36. gxh6 Rxg4 37. Nxg4 Qxg4 38. bxa6 Nf4+ 39. Kf1 Qh3+ 40. Ke1 Nd3+ 41. Ke2 Nc1+ 42. Kd1 Qh1+ 43. Qe1 Qxh6 44. Qe3 Qh1+ 45. Qe1 Qh6 46. Qe3 Qh1+ 47. Kc2 Bh6 48. Bf4 Bxf4 49. Qxf4 Nd3 50. Qg5+ Kh7 51. Qe7+ Kg6 52. Qf6+ Kh7 53. Qf5+ Kg7 54. Qg5+ Kh7 55. a7 Qa1 56. Qf5+ Kh6 57. Qf8+ Kg5 58. Qg7+ Kh5 59. Qf7+ Kh6 1/2-1/2

[Event "Montcalm 4 2024-25"]
[Site "Quebec CAN"]
[Date "2025.01.23"]
[Round "3"]
[White "Boissinot, Claude"]
[Black "Yergeau, Samuel"]
[Result "1-0"]
[WhiteElo "1463"]
[BlackElo "1266"]
[WhiteFideId "-1"]
[WhiteFideId "-1"]
[PlyCount "85"]
[GameId "2138022317494286"]
[EventDate "2025.01.09"]
[EventType "swiss"]
[EventRounds "5"]
[EventCountry "CAN"]

1. e4 e5 2. Nf3 Nc6 3. Bc4 Bc5 4. b4 Bxb4 5. c3 Be7 6. d4 exd4 7. cxd4 Bb4+ 8. Bd2 Qe7 9. O-O Bxd2 10. Nbxd2 d6 11. Bb5 Bd7 12. e5 d5 13. Nb3 a6 14. Bxc6 Bxc6 15. Nc5 b6 16. Nd3 Bb5 17. Re1 Nh6 18. Nf4 c6 19. a4 Bc4 20. Nd2 O-O 21. Nxc4 dxc4 22. d5 cxd5 23. Nxd5 Qc5 24. Qf3 Rad8 25. Nf4 Rde8 26. Qh5 Re7 27. Qe2 Rfe8 28. e6 fxe6 29. Rac1 b5 30. axb5 axb5 31. Qc2 Qd4 32. Re4 Qb6 33. Qe2 c3 34. Nd5 Qc6 35. Nxe7+ Rxe7 36. Re3 b4 37. Qc2 Nf5 38. Re4 Rb7 39. Qd3 Rd7 40. Qc4 c2 41. Qxc6 Rd1+ 42. Re1 Nd4 43. Qe8# 1-0

[Event "Montcalm 4 2024-25"]
[Site "Quebec CAN"]
[Date "2025.01.23"]
[Round "3"]
[White "Cournoyer, Dominic"]
[Black "Huxley, Zachary"]
[Result "1-0"]
[WhiteElo "1909"]
[BlackElo "1500"]
[WhiteFideId "-1"]
[WhiteFideId "-1"]
[PlyCount "111"]
[GameId "2138022317494277"]
[EventDate "2025.01.09"]
[EventType "swiss"]
[EventRounds "5"]
[EventCountry "CAN"]

1. c4 e5 2. Nc3 Nf6 3. Nf3 Nc6 4. g3 Bb4 5. Bg2 O-O 6. O-O Re8 7. Qb3 Bc5 8. Na4 Bf8 9. d3 d5 10. Nc3 d4 11. Nd5 Na5 12. Qa4 Nxd5 13. cxd5 b6 14. Ng5 Bd7 15. Qc2 Bg4 16. h3 Bd7 17. Bd2 Rb8 18. Rac1 Rc8 19. b4 Nb7 20. Qb3 Be7 21. Nxf7 Kxf7 22. d6+ Be6 23. dxe7 Qxe7 24. Qa4 Nd6 25. Qxa7 Kg8 26. Qa4 Bd7 27. Qc2 Be6 28. a4 Qd7 29. Bc6 Qe7 30. Bxe8 Qxe8 31. Qc6 Qh5 32. Qf3 Qxh3 33. Qg2 Qg4 34. f3 Qh5 35. Kf2 Qg6 36. Rh1 Bd5 37. Qh3 h6 38. Qh5 Qf6 39. a5 Bf7 40. Qh4 Qf5 41. Qg4 Qxg4 42. fxg4 Be6 43. g5 e4 44. dxe4 Nxe4+ 45. Ke1 Nxg3 46. Rg1 Ne4 47. gxh6 Kh7 48. Rxg7+ Kh8 49. Rcxc7 Rxc7 50. Rxc7 bxa5 51. bxa5 Bd5 52. a6 Nf6 53. a7 Ng4 54. Rc8+ Kh7 55. a8=Q Bxa8 56. Rxa8 1-0

[Event "Montcalm 4 2024-25"]
[Site "Quebec CAN"]
[Date "2025.01.23"]
[Round "3"]
[White "Drolet, Stephane"]
[Black "Gagnon, Alain"]
[Result "1-0"]
[WhiteElo "2046"]
[BlackElo "1597"]
[WhiteFideId "-1"]
[WhiteFideId "-1"]
[PlyCount "87"]
[GameId "2138022317494275"]
[EventDate "2025.01.09"]
[EventType "swiss"]
[EventRounds "5"]
[EventCountry "CAN"]

1. e4 c6 2. c4 g6 3. d4 Bg7 4. Nc3 e5 5. d5 d6 6. Bd3 Ne7 7. h4 h5 8. Bg5 Bd7 9. Nge2 a6 10. Qd2 c5 11. a3 Qc7 12. b4 b6 13. Rb1 f6 14. Be3 O-O 15. f4 f5 16. fxe5 Bxe5 17. Bg5 Bf6 18. Bxf6 Rxf6 19. Qg5 Kg7 20. Ng3 Kf7 21. O-O f4 22. Rxf4 Rxf4 23. Qxf4+ Ke8 24. Rf1 Kd8 25. Qf6 Be8 26. e5 cxb4 27. axb4 Nd7 28. Qxd6 Qxd6 29. exd6 Ng8 30. Nce4 a5 31. Ra1 a4 32. c5 bxc5 33. bxc5 Ne5 34. Be2 Bf7 35. Nc3 a3 36. Nge4 Nh6 37. Ng5 Bg8 38. Ne6+ Kc8 39. c6 Bxe6 40. dxe6 Nxc6 41. Bf3 Ra6 42. Rc1 Kd8 43. Na2 Nd4 44. e7+ 1-0

[Event "Montcalm 4 2024-25"]
[Site "Quebec CAN"]
[Date "2025.01.23"]
[Round "3"]
[White "Dube, Dominic"]
[Black "Rainfray, Arnaud"]
[Result "0-1"]
[WhiteElo "1776"]
[BlackElo "2354"]
[WhiteFideId "-1"]
[WhiteFideId "-1"]
[PlyCount "68"]
[GameId "2138022317494274"]
[EventDate "2025.01.09"]
[EventType "swiss"]
[EventRounds "5"]
[EventCountry "CAN"]

1. e4 c5 2. Nf3 Nc6 3. d4 cxd4 4. Nxd4 Nf6 5. Nc3 e5 6. Ndb5 d6 7. a4 Be6 8. Be2 Rc8 9. Be3 a6 10. Na3 Nb4 11. O-O Be7 12. f4 exf4 13. Rxf4 d5 14. e5 Nd7 15. Bg4 O-O 16. Bxe6 fxe6 17. Qg4 Rxf4 18. Bxf4 Qb6+ 19. Kh1 Nf8 20. Bh6 Ng6 21. a5 Qc6 22. Bf4 Nxf4 23. Qxf4 Rf8 24. Qd2 Qc5 25. Ne2 Qf2 26. c3 Nc6 27. Nc2 Bc5 28. b4 Ba7 29. Rd1 Nxe5 30. Ng3 Ng4 31. Nd4 Qxd2 32. Rxd2 e5 33. Ne6 Nf2+ 34. Kg1 Ne4+ 0-1